Znáte podniková rizika?

Kľúčové faktory rizika. Pasca likvidity. Zamlčané predpoklady. Stav interného auditu. Príliš rýchly rast podniku. Neschopnosť riadiť firmu pri ekonomickom poklese. Zásady úspešného tímu.

Guardado en:
Detalles Bibliográficos
Formato: Capítulo de libro
Lenguaje:checo
Materias:
Etiquetas: Agregar Etiqueta
Sin Etiquetas, Sea el primero en etiquetar este registro!

MARC

LEADER 00000naa a2200000 4500
001 r048531
005 20231002104354.8
041 0 |a cze 
044 |a CZ 
245 1 0 |a Znáte podniková rizika? 
520 |a Kľúčové faktory rizika. Pasca likvidity. Zamlčané predpoklady. Stav interného auditu. Príliš rýchly rast podniku. Neschopnosť riadiť firmu pri ekonomickom poklese. Zásady úspešného tímu. 
610 2 0 |a riziko 
610 2 0 |a pasca likvidity 
610 2 0 |a podnik 
610 2 0 |a tímy pracovné 
610 2 0 |a manažment 
610 2 0 |a rast podniku 
610 2 0 |a audit